Všeobecná ekonomická teória kontrolné testy a otázky

Salvato in:
Dettagli Bibliografici
Autore principale: Hontyová, Kajetána
Ente Autore: Ekonomická univerzita v Bratislave. Národohospodárska fakulta
Altri autori: Grohmann, Stanislav, Pavlíková, Mária, Piovarčiová, Veronika, 1951-, Táncošová, Judita
Natura: Libro
Lingua:slovacco
Pubblicazione: Bratislava Edičné stredisko EU 1994
Edizione:1. vyd.
Soggetti:
Tags: Aggiungi Tag
Nessun Tag, puoi essere il primo ad aggiungerne!!

MARC

LEADER 00000nam a2200000 4500
001 c009417
005 20221214075524.3
020 |a 80-225-0585-4 
041 0 |a slo 
044 |a SK 
245 1 0 |a Všeobecná ekonomická teória  |b kontrolné testy a otázky  |c Kajetána Hontyová a kolektív 
250 |a 1. vyd. 
264 1 |a Bratislava  |b Edičné stredisko EU  |c 1994 
300 |a 99 s. 
610 2 0 |a teórie ekonomické 
610 2 0 |a mechanizmus trhový 
610 2 0 |a dôchodky 
610 2 0 |a peniaze 
610 2 0 |a obchod medzinárodný 
100 1 |a Hontyová, Kajetána 
700 1 |a Grohmann, Stanislav 
700 1 |a Pavlíková, Mária 
700 1 |a Piovarčiová, Veronika, 1951- 
700 1 |a Táncošová, Judita 
710 2 |a Ekonomická univerzita v Bratislave. Národohospodárska fakulta